Pohromy neohlasujú návštevu
Služby poisťovní pôsobiacich na Slovensku zamerané na poistenie proti živelným pohromám. Poistenie podnikateľov a priemyslu. Služby vybraných poisťovní: Česká poisťovňa - Slovensko, Allianz, Union, Hasičská poisťovňa.
Salvato in:
| Autore principale: | |
|---|---|
| Natura: | Capitolo di libro |
| Lingua: | slovacco |
| Soggetti: | |
| Tags: |
Nessun Tag, puoi essere il primo ad aggiungerne!!
|
MARC
| LEADER | 00000naa a2200000 4500 | ||
|---|---|---|---|
| 001 | r023490 | ||
| 005 | 20251104123821.8 | ||
| 041 | 0 | |a slo | |
| 044 | |a SK | ||
| 245 | 1 | 0 | |a Pohromy neohlasujú návštevu |c V. Holík |
| 520 | |a Služby poisťovní pôsobiacich na Slovensku zamerané na poistenie proti živelným pohromám. Poistenie podnikateľov a priemyslu. Služby vybraných poisťovní: Česká poisťovňa - Slovensko, Allianz, Union, Hasičská poisťovňa. | ||
| 610 | 2 | 0 | |a poisťovníctvo |
| 610 | 2 | 0 | |a poistenie |
| 610 | 2 | 0 | |a poisťovne |
| 610 | 2 | 0 | |a Slovensko |
| 610 | 2 | 0 | |a Česká poisťovňa - Slovensko, a.s. Bratislava |
| 610 | 2 | 0 | |a Allianz poisťovňa, a.s. Bratislava |
| 610 | 2 | 0 | |a Union, a.s. Bratislava |
| 610 | 2 | 0 | |a Hasičská poisťovňa, a.s. Bratislava |
| 610 | 2 | 0 | |a pohromy živelné |
| 100 | 1 | |a Holík, V. | |